|
|
|
|
| LEADER |
00000nas a2200000 4500 |
| 001 |
ssj0040061 |
| 003 |
WaSeSS |
| 005 |
20200512172242.0 |
| 006 |
m d |
| 007 |
cr n |
| 008 |
771121c19599999ilubr p s 0 a0eng c |
| 010 |
|
|
|a sn 79000930
|
| 022 |
|
|
|l 0031-6245
|y 0031-6245
|
| 030 |
|
|
|a PEINE6
|
| 032 |
|
|
|a 460510
|b USPS
|
| 035 |
|
|
|a (WaSeSS)ssj0040061
|
| 037 |
|
|
|b Watt Publishing Co., Circulation Dept., 122 S. Wesley Ave., Mt. Morris, IL 61054-1497
|c $36.00
|
| 040 |
|
|
|a MCL
|b eng
|c MCL
|d NSD
|d OCL
|d NSD
|d NST
|d NSD
|d IUL
|d DLC
|d OCLCQ
|d OCLCF
|d OCLCO
|d OCLCQ
|d NM7
|d WaSeSS
|
| 042 |
|
|
|a nsdp
|a pcc
|
| 050 |
1 |
4 |
|a HD9340.A1
|b .P48
|
| 082 |
1 |
0 |
|a 338
|2 11
|
| 210 |
0 |
|
|a Petfood ind.
|
| 222 |
|
0 |
|a Petfood industry
|
| 245 |
0 |
0 |
|a Petfood industry;
|h [electronic resource]
|b the magazine of pet food manufacturing and merchandising.
|
| 246 |
3 |
0 |
|a Pet food industry
|
| 260 |
|
|
|a [Mount Morris, Ill., etc.],
|b [Watt Pub. Co., etc.]
|
| 310 |
|
|
|a Bimonthly,
|b <Nov./Dec. 1979->
|
| 321 |
|
|
|a Bimonthly,
|b <Nov./Dec. 1978->
|
| 321 |
|
|
|a Monthly,
|b <Mar. 1979->
|
| 362 |
0 |
|
|a v. 1- 1959-
|
| 506 |
|
|
|a License restrictions may limit access.
|
| 650 |
|
0 |
|a Pet food industry.
|
| 650 |
|
7 |
|a Pet food industry.
|2 fast
|0 (OCoLC)fst01059156
|
| 650 |
|
7 |
|a Pet Food
|x Industry
|x Periodicals.
|2 sears
|
| 650 |
|
7 |
|a Dog Food
|x U.S
|x Periodicals.
|2 sears
|
| 650 |
|
7 |
|a Cat Food
|x U.S
|x Periodicals.
|2 sears
|
| 650 |
|
7 |
|a Pets
|x Feeding and feeds
|x Periodicals.
|2 sears
|
| 655 |
|
0 |
|a Electronic journals.
|
| 850 |
|
|
|a CU-AM
|a CoFS
|a IaAS
|a InU
|a PPD
|
| 856 |
4 |
0 |
|z Full text available from Research Library: 01/01/2016 to present
|u https://search.proquest.com/publication/2049710
|